| 000 | 01237nam a22003257a 4500 | ||
|---|---|---|---|
| 001 | BRCA_9398 | ||
| 003 | FranzMayer | ||
| 005 | 20230918125053.0 | ||
| 008 | 230904b |||||||| |||| 00| 0 eng d | ||
| 020 | _a9786076055229 | ||
| 040 |
_aMFM _bespañol _cMFM |
||
| 050 | 0 |
_aND813.C37 _bM87 2018 |
|
| 110 | 1 |
_4Responsable _aMuseo Nacional de Arte _929521 |
|
| 240 |
_aCaravaggio _hUna obra, un legado _lEspañol |
||
| 245 | 0 |
_aCaravaggio _bUna obra, un legado |
|
| 260 |
_aMéxico _bINBA _c2018 |
||
| 300 |
_a68 p _bIlustraciones a color _c28 cm |
||
| 500 | _aAnexo 1 | ||
| 505 | _aTexto en: españolIncluye índice temáticoIncluye bibliografíaDirigido a: artistas, historiadores de arte | ||
| 650 | 1 |
_2Caravaggio, Michelangelo Merisi da _a1571-1610 _vCrítica e interpretación _929522 |
|
| 700 | 1 |
_4Textos _aEnríquez, Giovanna _929523 |
|
| 700 | 1 |
_4Textos _aGarcía, Leonardo _929524 |
|
| 700 | 1 |
_4Textos _aOrtiz Cobos, Omar _929525 |
|
| 700 | 1 |
_4Textos _aGuarino, Sergio _929526 |
|
| 700 | 1 |
_4Textos _aPérez Durán, Samantha _929527 |
|
| 700 | 1 |
_4Textos _aPiliado Santana, Alivé _929528 |
|
| 700 | 1 |
_4Textos _aRodríguez Rangel, Victor _929529 |
|
| 700 | 1 |
_4Textos _aVillacencio García, Abraham _929530 |
|
| 942 |
_2lcc _cB |
||
| 999 |
_c11020 _d11020 |
||